Statystyki dla Najdłużej nieprzerwane demokracje

Kliknij tutaj aby rozwiązać quiz!

Ogólne statystyki

  • Ten quiz został rozwiązany 4 862 razy
  • Średni wynik to 17 z 26

Statystyki odpowiedzi

RokKraj% Poprawnych
1781Stany Zjednoczone
97%
1945Francja
92%
1867Kanada
89%
1688Wielka Brytania / Anglia
86%
1809Szwecja
83%
1945Norwegia
82%
1945Włochy
81%
1901Australia
77%
1917Finlandia
77%
1934Meksyk
76%
1848Szwajcaria
76%
1945Holandia
75%
1945Belgia
74%
1945Dania
73%
1945Luksemburg
67%
1922Irlandia
63%
1907Nowa Zelandia
63%
1945San Marino
61%
1946Islandia
59%
1862Liechtenstein
59%
1910Południowa Afryka
57%
1866Andora
56%
1945Monako
53%
1948Izrael
33%
1948Kostaryka
13%
1947Sri Lanka
10%

Rozkład punktacji

Percentyl według liczby udzielonych odpowiedzi

Procent ludzi z każdym wynikiem

Twoja historia wyników

Nie rozwiązałeś tego quizu